书目信息 |
| 题名: |
经济动态的递归方法
|
|
| 作者: | 斯托基 , 罗伯特 著 ;王明舰 译 | |
| 分册: | ||
| 出版信息: | 北京 中国社会科学出版社 2000.08 |
|
| 页数: | 294页 | |
| 开本: | 32开 | |
| 丛书名: | 当代经济学教科书译丛 | |
| 单 册: | ||
| 中图分类: | F201 | |
| 科图分类: | ||
| 主题词: | 经济动态--经济计量分析--经济管理 | |
| 电子资源: | ||
| ISBN: | 7-5004-2282-2 | |
| 000 | 00877nam0 2200241 45 | |
| 001 | 0210291009 | |
| 005 | 20031219104059.4 | |
| 010 | @a7-5004-2282-2@dCNY51.00 | |
| 100 | @a20021029d2000 km y0chiy0120 ea | |
| 101 | 0 | @achi@ceng |
| 105 | @a z 000yy | |
| 200 | 1 | @a经济动态的递归方法@AJing Ji Dong Tai De Di Gui Fang Fa@f(美)南希L.斯托基(Stokey,N.L.),小罗伯特E.卢卡斯(Lucas,R.E.)著@F(Mei)Nan Xi L.Si Tuo Ji(Stokey,N.L.),Xiao Luo Bo Te E.Lu Ka Si(Lucas,R.E.)Zhu@g王明舰译 |
| 210 | @a北京@c中国社会科学出版社@d2000.08 | |
| 215 | @a294页@d32开 | |
| 225 | @a当代经济学教科书译丛 | |
| 410 | @12001 @a当代经济学教科书译丛 | |
| 606 | 0 | @a经济动态@x经济计量分析@x经济管理 |
| 690 | @aF201@v4 | |
| 701 | @a斯托基@bStokey,N.L.@4著 | |
| 701 | 0 | @a罗伯特@bLucas,R.E.@4著 |
| 702 | 0 | @a王明舰@AWang Ming Jian@4译 |
| 801 | @aCN@bTSTC@c20021029 | |
| 905 | @b316659-661@dF201@e41@f3 | |
| 经济动态的递归方法/(美)南希L.斯托基(Stokey,N.L.),小罗伯特E.卢卡斯(Lucas,R.E.)著/王明舰译.-北京:中国社会科学出版社,2000.08 |
| 294页;32开.-(当代经济学教科书译丛) |
| ISBN 7-5004-2282-2:CNY51.00 |
| ● |
| 相关链接 |
|
|
|
|
正题名:经济动态的递归方法
索取号:F201/41
 
预约/预借
| 序号 | 登录号 | 条形码 | 馆藏地/架位号 | 状态 | 备注 |
| 1 | 0316659 | 203166590 | 第一借阅区/ [索取号:F201/41] | 在馆 | |
| 2 | 0316660 | 203166607 | 第一借阅区/ [索取号:F201/41] | 在馆 | |
| 3 | 0316661 | 203166616 | 第一样本阅览室/ [索取号:F201/41] | 在馆 |